000 00359nam a2200145Ia 4500
008 210312s9999||||xx |||||||||||||| ||und||
041 _aosm
050 _aD21
050 _bW4520
100 _aHerbert George, Wells
245 0 _aCihan tarihinin umumi hatları
260 _c1928
500 _a(3.-4.-5. cilt)
650 _aTarih--Dünya--Genel çalışmalar
999 _c21888
_d21888